000 00551nam a2200217Ia 4500
003 OSt
005 20220928145330.0
006 a|||||r|||| 00| 0
007 ta
008 220927b |||||||| |||| 00| 0 eng d
024 _a80230
037 _cTextual
040 _aSDCL
_cSDCL
_beng
041 _2eng
_aeng
082 _aV2y7M69:g, L5-L5;1
100 _aBedekar D K
_9512630
245 0 _aTowards understanding Gandhi.
260 _c1975
942 _hV2y7M69:g, L5-L5;1
_cTEXL
_2CC
999 _c833273
_d833273